| 000 | 00638nam a2200205 i 4500 | ||
|---|---|---|---|
| 001 | 105377 | ||
| 003 | ES-MaACL | ||
| 005 | 20230906183850.0 | ||
| 007 | t| | ||
| 008 | 060703s1978 fr a |||| | fre d | ||
| 020 | _a2-7304-0006-0 | ||
| 080 | _a323.25-057-87(44)"1968"(093.3) | ||
| 100 | 1 |
_aMorin, Edgar. _983564 |
|
| 245 | 1 | 0 |
_aMais / _cEdgar Morin ; [dessins de] Marek Halter. |
| 260 |
_aParis : _bOswald, _c1978. |
||
| 300 |
_a138 p. : _bil. ; _c22 cm. |
||
| 651 | 4 |
_aFrancia- _xHistoria- _y1968, Movimientos estudiantiles. _9162957 |
|
| 700 | 1 |
_aHalter, Marek. _961631 |
|
| 852 |
_aES-MaACL _jAND-172 _z. - Biblioteca Juan Andrade |
||
| 999 |
_c105377 _d105377 |
||